| 000 | 01968nam a2200361 a 4500 | ||
|---|---|---|---|
| 001 | 29514 | ||
| 003 | BD-RjUL | ||
| 005 | 20211209051425.0 | ||
| 008 | 140403s1926 enkabf b 001 0 eng d | ||
| 035 | _a(BD-RjUL)29599 | ||
| 040 |
_aDLC _cCLE _dEQO _dBD-RjUL _beng |
||
| 041 | _aeng | ||
| 082 |
_a952.5 _bVIC V-1 1926 |
||
| 245 | 0 | 4 |
_aThe Victoria history of the county of Huntingdon / _cedited by William Page; Granville Proby; Herbert E Norris; _nVOLUME I |
| 246 | 3 | _aHistory of Huntingdonshire | |
| 246 | 3 | _aHistory of the county of Huntindonshire | |
| 260 |
_aLondon : _bSt. Catherine Press, _c1926. |
||
| 300 |
_axxi, 410 p. : _bill, maps ; _c32 cm. |
||
| 490 | 1 | _aVictoria history of the counties of England | |
| 500 | _aVol. 3 "published for the University of London Institute of Historical Research" | ||
| 505 | 0 | _aV. 1. Natural history, early man, Romano-British & Anglo-Saxon remains, Domesday survey, ecclesiastical history, religious houses / edited by William Page and Granville Proby assisted by H.E. Norris -- v. 2. Political, social & economic history, schools; Huntingdon borough, Hurstingstone hundred, Toseland hundred / edited by William Page, Granville Proby and S. Inskip Ladds -- v. 3. Leightonstone hundred, Norman Cross hundred, Middle Level of the Fens / edited by William Page, Granville Proby and S. Inskip Ladds -- Index. | |
| 650 | 0 |
_aNatural history _zEngland _zHuntingdonshire. _989953 |
|
| 651 | 0 |
_aHuntingdonshire (England) _xHistory. _989954 |
|
| 651 | 0 |
_aHuntingdonshire (England) _xAntiquities. _989955 |
|
| 700 | 1 |
_aPage, William, _d1861-1934. _989956 |
|
| 700 | 1 |
_aProby, Granville, _d1883-1947. _989957 |
|
| 700 | 1 |
_aNorris, Herbert E. _q(Herbert Ellis), _d1859-1931. _989958 |
|
| 700 | 1 |
_aLadds, S. Inskip _q(Sidney Inskip) _989959 |
|
| 710 | 2 |
_aUniversity of London. _bInstitute of Historical Research. _94277 |
|
| 830 | 0 |
_aVictoria history of the counties of England. _989961 |
|
| 942 |
_2ddc _cBK |
||
| 999 |
_c29514 _d29514 |
||